The Advocates act ,1961/ (Record no. 201979)

MARC details
000 -LEADER
fixed length control field 00586nam a22001937a 4500
005 - DATE AND TIME OF LATEST TRANSACTION
control field 20240408154631.0
010 ## - LCCN (DPL NO)
LC control number ENG-140073
020 ## - INTERNATIONAL STANDARD BOOK NUMBER
Terms of availability 750.00
International Standard Book Number 9788180387975
035 ## - SYSTEM CONTROL NUMBER
System control number EN-123605
037 ## - SOURCE OF ACQUISITION
Source of stock number/acquisition DBAD
082 ## - DEWEY DECIMAL CLASSIFICATION NUMBER
Classification number 345.01
Edition number 18
100 ## - MAIN ENTRY--PERSONAL NAME
Personal name Row's Sanjiva
245 ## - TITLE STATEMENT
Title The Advocates act ,1961/
Statement of responsibility, etc by Sanjiva Row's
260 ## - PUBLICATION, DISTRIBUTION, ETC. (IMPRINT)
Place of publication, distribution, etc Gurgaon
Name of publisher, distributor, etc Lexis Nexis
Date of publication, distribution, etc 2012
270 ## - ADDRESS
Address 14th floor, Building No.10,Tower -b ,DLF Cyber City, Phase-2, Gurgaon
City Haryana
Postal code 122002
300 ## - PHYSICAL DESCRIPTION
Extent 551p.
Dimensions 25cm(hb)
700 ## - ADDED ENTRY--PERSONAL NAME
9 (RLIN) 64384
942 ## - ADDED ENTRY ELEMENTS (KOHA)
Source of classification or shelving scheme Dewey Decimal Classification
Item type English Books
Call number suffix ROW
Classification part 345.01
Edition 18
Holdings
Withdrawn status Lost status Not for loan Collection code Home library Current library Date acquired Source of acquisition Cost, normal purchase price Full call number Barcode Copy number Cost, replacement price Koha item type
      Non-fiction Bawana Bawana 08/04/2024 DBAD 750.00 ROW 345.01 EN-123605 1 750.00 English Books

© Delhi Public Library
Hit Counter
free hit counter